| 000 | 00926cam a2200229 4500 | ||
|---|---|---|---|
| 001 | ##L135164 | ||
| 008 | 061002n2006 000 0 eng u | ||
| 035 | _a(Sirsi) u135164 | ||
| 041 | 0 | _aeng | |
| 050 | 0 | 4 | _a333.33 $2 18 |
| 110 | 2 |
_aEC Harris _94930 |
|
| 245 | 0 | 0 |
_aEconomics survey _bUK |
| 260 |
_aLondon _bEC Harris _c2006 |
||
| 490 | 0 |
_aEC Harris Economics Survey UK _vAutumn 2006 |
|
| 520 | _aThe latest EC Harris economics survey anticipates growth in construction output of 2.9% in 2006, with the private commercial sector rising by 7% and infrastructure output increasing by 5%. Tender prices are expected to increase by 3.8% over the next year. | ||
| 590 | _aIKA171006 | ||
| 650 | 2 | 4 | _aEC HARRIS ECONOMICS SURVEY UK |
| 651 | 4 |
_aUnited Kingdom _y |
|
| 690 | _aBUILT ENVIRONMENT-CONSTRUCTION MARKET | ||
| 856 | 4 | 0 |
_uhttps://www.echarris.com _zView the report free of charge at www.echarris.com... |
| 942 | _n0 | ||
| 999 |
_c105936 _d105936 |
||